| 000 | 006850000a22002290004500 | ||
|---|---|---|---|
| 003 | LK-CoMWRAF | ||
| 005 | 20240229090806.0 | ||
| 008 | 230817t1971 ||||| |||| 00| 0 eng d | ||
| 040 |
_aLK-CoMWRAF _dLK-CoMWRAF _eLK-CoMWRAF |
||
| 041 | _aeng | ||
| 082 |
_a362.292 _bWRE |
||
| 100 | _aWrenn, C. Gilbert | ||
| 245 | _aThe Mind Benders | ||
| 260 |
_aMinnesota: _bAmerican Guidance Service, _c1971 |
||
| 300 |
_a99 p. _bGlossary included |
||
| 490 | _aThe coping with series | ||
| 520 | _aA book about the whys of drug use for senior high and college students | ||
| 650 | _aDecision Against Drugs | ||
| 650 | _aDrug addiction | ||
| 700 | _aSchwarzrock, Shirley Pratt | ||
| 942 | _cBK | ||
| 999 |
_c1690 _d1690 |
||